| 000 | 00593nam a22001697a 4500 | ||
|---|---|---|---|
| 082 |
_a891.4391092 _bHAM |
||
| 100 | _aHamaio, Zahid | ||
| 245 |
_aMarasi Anees k Jamaliyati Anasir _cZahid Hamaio\ |
||
| 260 |
_aIslamabad: _bPoorab Academy, _c2016 |
||
| 300 |
_a311p.: _c25cm. |
||
| 563 | _aHB | ||
| 650 |
_aUrdu poetry _9751 |
||
| 880 |
_6100-01\(3\r _aزاہد ہمائیوں |
||
| 880 |
_6245-02\(3\r _aمراثیِ انیس کے جمالیاتی عناصر\ _bزاہد ہمائیوں |
||
| 880 |
_6260-03\(3\r _aاسلام آباد: _bپُورب اکیڈمی, _c2016 |
||
| 942 |
_2ddc _cBK |
||
| 999 |
_c614129 _d614129 |
||